LDR 01021naa#a2200193#i#450# 001 RU\\bibl\121257 005 20260502052348.6 011 ## _a1994-4683 100 ## _a20230803b2023####ek#y0rusy0150####ca 102 ## _aRU 200 1# _aВЛИЯНИЕ ЗАНЯТИЙ СПОРТОМ НА СОЦИАЛЬНО-ПСИХОЛОГИЧЕСКУЮ АДАПТАЦИЮ СТУДЕНТОВ ПРАВООХРАНИТЕЛЬНЫХ ОРГАНОВ _eЖурнальная статья 210 1# _aМосква _cНациональный государственный Университет физической культуры, спорта и здоровья им. П.Ф. Лесгафта _d2023 215 ## _a6 с. 608 ## _aЖурнальная статья _2local 675 ## _aРоль физкультуры и спорта в воспитании и общем развитии личности. 796.011.1 _z 700 #1 _aБатурин _gА Е 700 #1 _aКоваленко _gВ Н 700 #1 _aПунич _gС В 856 4# _auchzapiski.lesgaft.spb.ru _u